Microsoft Excel 7.0a for Windows 95 / (Record no. 198696)

000 -LEADER
fixed length control field 00669 a2200193 4500
003 - CONTROL NUMBER IDENTIFIER
control field NUST
005 - DATE AND TIME OF LATEST TRANSACTION
control field 20230602130058.0
010 ## - LIBRARY OF CONGRESS CONTROL NUMBER
LC control number 9577491
020 ## - INTERNATIONAL STANDARD BOOK NUMBER
International Standard Book Number 0071145427
040 ## - CATALOGING SOURCE
Transcribing agency Nust
082 ## - DEWEY DECIMAL CLASSIFICATION NUMBER
Classification number 005.43,LEA
100 ## - MAIN ENTRY--PERSONAL NAME
Personal name O'Leary, Timothy J.
9 (RLIN) 32748
245 ## - TITLE STATEMENT
Title Microsoft Excel 7.0a for Windows 95 /
Statement of responsibility, etc. Timotty J. O'Leary, Linda l. O'leary
250 ## - EDITION STATEMENT
Edition statement international edition
260 ## - PUBLICATION, DISTRIBUTION, ETC.
Place of publication, distribution, etc. Singapore
Name of publisher, distributor, etc. McGrawhill
Date of publication, distribution, etc. 1996
300 ## - PHYSICAL DESCRIPTION
Extent 166p.;
505 ## - FORMATTED CONTENTS NOTE
Formatted contents note Introduction To The Windows 95 Labs (Page-3), Windows 95 Overview WN 1 (Page-19), Windows 95 Basic Skills (Page-55), Disk Management (Page-201), Applications (Page-236).
942 ## - ADDED ENTRY ELEMENTS (KOHA)
Source of classification or shelving scheme
Koha item type Book
Call number prefix 005.43,LEA
Holdings
Withdrawn status Lost status Source of classification or shelving scheme Damaged status Not for loan Permanent Location Current Location Shelving location Date acquired Full call number Barcode Date last seen Price effective from Koha item type Public note
          Military College of Signals (MCS) Military College of Signals (MCS) General Stacks 12/12/2016 005.43,LEA MCS1948 12/08/2016 12/12/2016 Book Almirah No.81, Shelf No.1
© 2023 Central Library, National University of Sciences and Technology. All Rights Reserved.